[Event "Cerdanyola del Valles op 28th"]
[Site "Cerdanyola del Valles"]
[Date "2010.10.02"]
[Round "1"]
[White "Garcia de Blas, Esteban"]
[Black "Cervello Tost, Ferran"]
[Result "1/2-1/2"]
[WhiteElo "2039"]
[BlackElo "1829"]
[PlyCount "41"]
[EventDate "2010.10.02"]
[EventType "swiss"]
[EventRounds "7"]
[EventCountry "ESP"]
[SourceTitle "EXT 2012"]
[Source "ChessBase"]
[SourceDate "2011.11.24"]
[SourceVersion "1"]
[SourceVersionDate "2011.11.24"]
[SourceQuality "1"]

1. d4 Nf6 2. Nf3 g6 3. c4 Bg7 4. Nc3 d6 5. e4 0-0 6. Be2 b6 7. 0-0 Bb7 8. Qc2 Nbd7 9. e5 dxe5 10. dxe5 Ne8 11. e6 Ne5 12. Ng5 f6 13. Nge4 f5 14. Ng5 h6 15. Nh3 Qc8 16. Nf4 c6 17. b3 Nc7 18. Ba3 Bf6 19. Rae1 Kg7 20. c5 b5 21. Bb2 1/2-1/2